Fundamentals of Pharmacognosy and Phytotherapy (Record no. 11421)

MARC details
000 -LEADER
fixed length control field 00419nam a22001697a 4500
003 - CONTROL NUMBER IDENTIFIER
control field OSt
008 - FIXED-LENGTH DATA ELEMENTS--GENERAL INFORMATION
fixed length control field 220709b ||||| |||| 00| 0 eng d
020 ## - INTERNATIONAL STANDARD BOOK NUMBER
International Standard Book Number 9788131262283
082 ## - DEWEY DECIMAL CLASSIFICATION NUMBER
Classification number 615.321 HEF
100 ## - MAIN ENTRY--PERSONAL NAME
Personal name HEINRICH, Michael etc
245 ## - TITLE STATEMENT
Title Fundamentals of Pharmacognosy and Phytotherapy
250 ## - EDITION STATEMENT
Edition statement 3th
260 ## - PUBLICATION, DISTRIBUTION, ETC. (IMPRINT)
Place of publication, distribution, etc New Delhi
Name of publisher, distributor, etc Elsevier
Date of publication, distribution, etc 2018
300 ## - PHYSICAL DESCRIPTION
Extent 359
650 ## - SUBJECT ADDED ENTRY--TOPICAL TERM
Topical term or geographic name as entry element Pharmacognosy
942 ## - ADDED ENTRY ELEMENTS (KOHA)
Source of classification or shelving scheme Dewey Decimal Classification
Koha item type Text Books
Holdings
Withdrawn status Lost status Source of classification or shelving scheme Damaged status Not for loan Collection code Home library Current library Date acquired Source of acquisition Currency Cost, normal purchase price Bill Number Total Checkouts Full call number Acc. no. / Barcode Date last seen Date last borrowed Actual Cost, discounted price Bill Date Koha item type
    Dewey Decimal Classification     B.Pharma PIET C-LIBRARY PIET C-LIBRARY 08/07/2022 Kirthi Prakashan Indian Rup 1495.00 IN478 1 615.321 HEF BP1787 22/07/2022 15/07/2022 1076.00 06/07/2022 Reference Books
    Dewey Decimal Classification     B.Pharma PIET C-LIBRARY PIET C-LIBRARY 08/07/2022 Kirthi Prakashan Indian Rup 1495.00 IN478 1 615.321 HEF BP1788 03/08/2022 14/07/2022 1076.00 06/07/2022 Text Books

Design & Developed by: PIET Central Library
R70 Miles Stone Pattikalyana Samalkha Panipat 132102
mail ID :- [email protected], Phone No:- 0180-2569700 Ex.216